| 000 | 00623nam a22002057a 4500 | ||
|---|---|---|---|
| 999 |
_c17248 _d17248 |
||
| 003 | AR-CdUCM | ||
| 008 | 190507b ||||| |||| 00| 0 spa d | ||
| 040 |
_aMUNICIPALIDAD PROVINCIAL DEL CUSCO _cBIBLIOTECA MUNICIPAL DEL CUSCO |
||
| 082 |
_a621.38 / _bD73 |
||
| 110 |
_aEditorial Omega _937139 |
||
| 245 |
_aDiccionario de electronica : _bIngles - EspaƱol / |
||
| 260 |
_aMiami : _bOmega, _c1963. |
||
| 300 |
_a347 paginas ; _c20 cm. |
||
| 500 | _aElectronica | ||
| 650 |
_aElectronica _920935 |
||
| 650 |
_aDiccionario _95196 |
||
| 700 |
_aLagueruela, Frank _937140 |
||
| 942 |
_2ddc _cLIBROS |
||
| 945 |
_apjha _d2019-05-07 |
||